| 000 | 00383nam a2200121Ia 4500 | ||
|---|---|---|---|
| 008 | 220216s9999 xx 000 0 und d | ||
| 100 | _aPeries O S | ||
| 245 | 0 | _aSeventy five years of rubber research in Sri Lanka | |
| 260 | _bProceedings of the International Rubber Conference, Colombo, 1984, V1. Part 2; p721-723 | ||
| 650 | _aRubber research | ||
| 650 | _aSri Lanka | ||
| 942 | _cJS | ||
| 999 |
_c68618 _d68618 |
||